My 20 least favourite countries - Statistics

General Stats
  • This quiz has been taken 45 times
  • The average score is 9 of 20
Answer Stats
Rank Country % Correct
10 Iran
90%
2 Russia
90%
1 North Korea
88%
13 Iraq
86%
3 Afghanistan
76%
6 India
74%
4 Ukraine
57%
7 Bangladesh
55%
9 Belarus
48%
5 Japan
43%
16 Libya
36%
12 Nepal
33%
18 Turkmenistan
31%
17 Chad
21%
15 Moldova
21%
8 Mali
14%
20 Zambia
14%
14 Angola
10%
11 Burkina Faso
10%
19 Burundi
7%
No matching quizzes found
Score Distribution
Percent of People with Each Score
Percentile by Number Answered
Your Score History
You have not taken this quiz